000 00748cab a2200241 4500
001 WB3429-15
008 090401t1998 xxu||||| |||| 00| 0 eng d
035 _a(Sirsi) u87740
041 _aeng
245 _aSlowdown in north`s economy
260 _c1998
350 _a0
490 _aIndependent
_v30 July 1998, 16(1)
520 _aCambridge Econometrics forecasts that economic growth will slow sharply in 1998 and 1999, and that the North and Midlands will bear the brunt of it. Graph of GDP growth for 1998/1999.
650 _aCAMBRIDGE ECONOMETRICS
650 _aECONOMIC GROWTH
650 _aFORECAST
650 _aMIDLANDS
650 _aNORTH OF ENGLAND
690 _aECONOMIC AND SOCIAL
942 _n0
948 _c30/07/1998
999 _c55359
_d55359